Statystyki dla Imiona znanych osób

Kliknij tutaj aby rozwiązać quiz!

Ogólne statystyki

  • Ten quiz został rozwiązany 256 razy
    (194 od ostatniego zresetowania)
  • Średni wynik to 7 z 10

Statystyki odpowiedzi

ImięNazwisko% Poprawnych
LeoMessi
96%
AlbertEinstein
94%
BillGates
89%
JohnLennon
79%
ArnoldSchwarzenegger
78%
AngelaMerkel
77%
KobeBryant
64%
SalvadorDali
61%
MarkTwain
58%
QuentinTarantino
54%

Rozkład punktacji

Percentyl według liczby udzielonych odpowiedzi

Procent ludzi z każdym wynikiem

Twoja historia wyników

Nie rozwiązałeś tego quizu od ostatniego zresetowania